| Tag |
First Indicator |
Second Indicator |
Subfields |
| LEADER |
00000cam a2200000 a 4500 |
| 001 |
in00001404055 |
| 005 |
20151020054313.0 |
| 008 |
961125s1997 dcu b 000 0 eng d |
| 010 |
|
|
|a 96071712
|
| 020 |
|
|
|a 030905639X
|
| 035 |
|
|
|a (OCoLC)36814634
|
| 035 |
|
|
|9 AHN1046AM
|
| 040 |
|
|
|a ViAlID
|c DLC
|d TXA
|d UtOrBLW
|
| 042 |
|
|
|a lccopycat
|
| 043 |
|
|
|a n-us---
|
| 049 |
|
|
|a TXAM
|
| 050 |
0 |
4 |
|a UA11
|b .P593 1997
|
| 082 |
0 |
0 |
|a 327.1/72
|2 21
|
| 245 |
0 |
0 |
|a Post-Cold war conflict deterrence.
|
| 264 |
|
1 |
|a Washington, D.C. :
|b National Academy Press,
|c 1997.
|
| 300 |
|
|
|a xv, 227 pages :
|b illustrations ;
|c 23 cm.
|
| 336 |
|
|
|a text
|b txt
|2 rdacontent
|
| 337 |
|
|
|a unmediated
|b n
|2 rdamedia
|
| 338 |
|
|
|a volume
|b nc
|2 rdacarrier
|
| 500 |
|
|
|a "Naval Studies Board, Commission on Physical Sciences, Mathematics, and Applications, National Research Council."
|
| 504 |
|
|
|a Includes bibliographical references.
|
| 650 |
|
0 |
|a Military policy.
|
| 650 |
|
0 |
|a Nuclear warfare.
|
| 650 |
|
0 |
|a Deterrence (Strategy)
|
| 999 |
|
|
|a MARS
|
| 999 |
f |
f |
|s 6858e655-5c2a-3717-92bc-b96d9ebe899d
|i 3860f34c-5a59-3b08-b136-044c9af12fef
|t 0
|
| 952 |
f |
f |
|p ric
|a Texas A&M University
|b Rellis Campus
|c Joint Library Facility
|d Remote Storage
|t 0
|e UA11 .P593 1997
|h Library of Congress classification
|i unmediated -- volume
|m A14822132464
|
| 952 |
f |
f |
|p noncirc
|a Texas A&M University
|b College Station
|c Cushing Memorial Library & Archives
|d Cushing: Ragan Military (Does not check out)
|t 0
|e UA11 .P593 1997
|h Library of Congress classification
|i unmediated -- volume
|
| 998 |
f |
f |
|a UA11 .P593 1997
|t 0
|l Remote Storage
|
| 998 |
f |
f |
|a UA11 .P593 1997
|t 0
|l Cushing: Ragan Military (Does not check out)
|